MARC details
| 000 -LEADER |
| fixed length control field |
01347cas a22003253 4500 |
| 001 - CONTROL NUMBER |
| control field |
10535696 |
| 003 - CONTROL NUMBER IDENTIFIER |
| control field |
BDDh-ASL |
| 005 - DATE AND TIME OF LATEST TRANSACTION |
| control field |
20231015030142.0 |
| 008 - FIXED-LENGTH DATA ELEMENTS--GENERAL INFORMATION |
| fixed length control field |
920213d19711872ii u 0 0eng |
| 010 ## - LIBRARY OF CONGRESS CONTROL NUMBER |
| LC control number |
11028560 |
| 040 ## - CATALOGING SOURCE |
| Original cataloging agency |
BDDh-ASL |
| Transcribing agency |
BDDh-ASL |
| Modifying agency |
BDDh-ASL |
| 043 ## - GEOGRAPHIC AREA CODE |
| Geographic area code |
a-ii--- |
| 050 00 - LIBRARY OF CONGRESS CALL NUMBER |
| Classification number |
DS416 |
| Item number |
.N39 |
| 082 ## - DEWEY DECIMAL CLASSIFICATION NUMBER |
| Classification number |
954 |
| Item number |
BUI |
| 245 04 - TITLE STATEMENT |
| Title |
The Indian antiquary, Vol.-5, (1876) : |
| Remainder of title |
a journal of oriental research in archaeology, history, literature, languages, folklore, etc. / |
| Statement of responsibility, etc. |
edited by Jas. Burgess. |
| 260 ## - PUBLICATION, DISTRIBUTION, ETC. |
| Place of publication, distribution, etc. |
Bombay : |
| Name of publisher, distributor, etc. |
Thacker, Vining, |
| -- |
Indological book reprint corporation, |
| Date of publication, distribution, etc. |
1872- |
| -- |
1971. |
| 300 ## - PHYSICAL DESCRIPTION |
| Extent |
v-5, 372 p. : |
| Other physical details |
ill., maps, plans, facsims., tables ; |
| Dimensions |
26 cm. |
| 362 0# - DATES OF PUBLICATION AND/OR SEQUENTIAL DESIGNATION |
| Dates of publication and/or sequential designation |
v. 1 (1872)-v. 62 (1933). |
| 504 ## - BIBLIOGRAPHY, ETC. NOTE |
| Bibliography, etc. note |
Includes bibliographical references and index. |
| 515 ## - NUMBERING PECULIARITIES NOTE |
| Numbering peculiarities note |
Vols. 14-62 called also ser. 2. |
| 550 ## - ISSUING BODY NOTE |
| Issuing body note |
Vols. for 1925-1932 "published under the authority of the Council of the Royal Anthropological Institute." |
| 555 ## - CUMULATIVE INDEX/FINDING AIDS NOTE |
| Cumulative index/finding aids note |
V. 1-50, 1872-1921. 3 pts. in 2 v. |
| 650 #0 - SUBJECT ADDED ENTRY--TOPICAL TERM |
| Topical term or geographic name entry element |
Indic philology. |
| 651 #0 - SUBJECT ADDED ENTRY--GEOGRAPHIC NAME |
| Geographic name |
India |
| General subdivision |
Antiquities |
| Form subdivision |
Periodicals. |
| 700 1# - ADDED ENTRY--PERSONAL NAME |
| Personal name |
Burgess, James, |
| Dates associated with a name |
1832-1916. |
| 710 2# - ADDED ENTRY--CORPORATE NAME |
| Corporate name or jurisdiction name as entry element |
Royal Anthropological Institute of Great Britain and Ireland. |
| 785 00 - SUCCEEDING ENTRY |
| Title |
New Indian antiquary |
| Record control number |
(DLC) s38000083 |
| 906 ## - LOCAL DATA ELEMENT F, LDF (RLIN) |
| a |
0 |
| b |
bbc |
| c |
serlocs |
| d |
u |
| e |
ncip |
| f |
19 |
| g |
ilsserca |
| 942 ## - ADDED ENTRY ELEMENTS (KOHA) |
| Source of classification or shelving scheme |
Dewey Decimal Classification |
| Koha item type |
Books |